00595nam a2200205Ia 4500008004100000020001500041050001100056050001500067100002700082245002600109245002400135245006200159260003700221260000900258300001700267300003300284300001100317650004200328999001900370160319s9999 xx 000 0 und d a9716300417 a808.83 bB641p 1996 aBlanco, Marivi Soliven a Philippine fright :  b13 scary stories /  cMarivi Soliven Blanco ; illustrated by Reinard P. Santos. bTahanan Books for Young Readers  c1996 a103 pages :  billustrations (some col.) ;  c23 cm. aShort stories -- Philippine (English) c292283d292283